Fifty years after freedom New opportunities & challenges for Valuntary Action (Record no. 814923)

MARC details
000 -LEADER
fixed length control field 00613nam a2200193Ia 4500
008 - FIXED-LENGTH DATA ELEMENTS--GENERAL INFORMATION
fixed length control field 101110s9999 xx 000 0 und d
041 ## - LANGUAGE CODE
Language code of text/sound track or separate title ENGLISH
082 ## - DEWEY DECIMAL CLASSIFICATION NUMBER
Item number SR22127
100 ## - MAIN ENTRY--PERSONAL NAME
Personal name Raj Sebasti L.
245 ## - TITLE STATEMENT
Title Fifty years after freedom New opportunities & challenges for Valuntary Action
365 ## - TRADE PRICE
Price amount 40
520 ## - SUMMARY, ETC.
Summary, etc Sociology
546 ## - LANGUAGE NOTE
Language note ENGLISH
630 ## - SUBJECT ADDED ENTRY--UNIFORM TITLE
Uniform title Fifty years after freedom New opportunities & challenges for Valuntary Action
650 ## - SUBJECT ADDED ENTRY--TOPICAL TERM
Topical term or geographic name as entry element Sociology
655 ## - INDEX TERM--GENRE/FORM
Genre/form data or focus term Sociology
730 ## - ADDED ENTRY--UNIFORM TITLE
Uniform title Fifty years after freedom New opportunities & challenges for Valuntary Action
942 ## - ADDED ENTRY ELEMENTS (KOHA)
Koha item type Book
Holdings
Withdrawn status Lost status Damaged status Not for loan Home library Current library Shelving location Date acquired Cost, normal purchase price Shelving control number Total Checkouts Barcode Date last seen Price effective from Koha item type
        D. B. J. College, Chiplun D. B. J. College, Chiplun   11/11/2010 40.00     DBJSR22127 11/11/2010 11/11/2010 Book